Constraint and integer programming : toward a unified methodology
Αποθηκεύτηκε σε:
| Άλλοι συγγραφείς: | |
|---|---|
| Μορφή: | Βιβλίο |
| Γλώσσα: | English |
| Δημοσίευση: |
Boston :
Kluwer Academic Publishers,
2004
|
| Σειρά: | Operations research/computer science interfaces series
|
| Θέματα: | |
| Ετικέτες: |
Προσθήκη ετικέτας
Δεν υπάρχουν, Καταχωρήστε ετικέτα πρώτοι!
|
MARC
| LEADER | 00000nam a2200000 i 4500 | ||
|---|---|---|---|
| 001 | 1/63405 | ||
| 008 | 071119s2004 eng d | ||
| 020 | |a 1-4020-7583-9 | ||
| 035 | |l 10092361 | ||
| 040 | |a GR-MY-UA |b gre |e aacr | ||
| 041 | 0 | |a eng | |
| 082 | 0 | |a 005.11 |2 (22) | |
| 245 | 1 | 0 | |a Constraint and integer programming : |b toward a unified methodology / |c edited by Michela Milano |
| 260 | |a Boston : |b Kluwer Academic Publishers, |c 2004 | ||
| 300 | |a xxx, 370 σ.; |b σχ. , πιν.; |c 24 εκ. | ||
| 490 | 1 | |a Operations research/computer science interfaces series | |
| 504 | |a Περιλαμβάνει βιβλιογραφίες και ευρετήριο | ||
| 650 | 0 | 0 | |a Constraint programming (Computer science) |
| 650 | 0 | 0 | |a Integer programming. |
| 700 | 1 | |a Milano, Michela. |4 edt | |
| 830 | 0 | |a Operations research/computer science interfaces series | |
| 852 | |a INST |b CHIOS |e 20071119 |h 005.11 CON |p 005200028398 |q 005200028398 |t BK |y 0 | ||
| 901 | |a BIBL2-2007-3 | ||
| 909 | |a Χ |b 140317 | ||
| 922 | |a 2ΕΛΗ |b 200711 |c ΕΠΕΑΕΚ2/ΤΜΟΔ |d ΠΑΠΑΣΩΤΗΡΙΟΥ | ||
| 970 | |a ΑΤΣΑΛΗ |b ΔΕΣΠΟΙΝΑ |z 2007/11/19 | ||